书目信息 |
| 题名: |
人工智能治理与区块链革命
|
|
| 作者: | 高奇琦 著 | |
| 分册: | ||
| 出版信息: | 上海 上海人民出版社 2020.11 |
|
| 页数: | 319页 | |
| 开本: | 23cm | |
| 丛书名: | ||
| 单 册: | ||
| 中图分类: | TP18 , F713.361.3 | |
| 科图分类: | ||
| 主题词: | 人工智能--ren gong zhi neng , 电子商务--dian zi shang wu--支付方式 | |
| 电子资源: | ||
| ISBN: | 978-7-208-16693-6 | |
| 000 | 01190nam0 2200313 450 | |
| 001 | 96122 | |
| 005 | 20250911161703.45 | |
| 010 | @a978-7-208-16693-6@dCNY85.00 | |
| 100 | @a20201222d2020 em y0chiy50 ea | |
| 101 | 0 | @achi |
| 102 | @aCN@b310000 | |
| 105 | @aa a 000yy | |
| 106 | @ar | |
| 200 | 1 | @a人工智能治理与区块链革命@Aren gong zhi neng zhi li yu qu kuai lian ge ming@f高奇琦等著 |
| 210 | @a上海@c上海人民出版社@d2020.11 | |
| 215 | @a319页@c图@d23cm | |
| 300 | @a独角兽区块链 | |
| 312 | @a英文题名取自封面 | |
| 314 | @a高奇琦, 华东政法大学人工智能与大数据指数研究院院长等职。 | |
| 320 | @a有书目 | |
| 330 | @a本书内容主要包括: 人工智能在行政治理中的作用及其法律规制、人工智能的社会影响和法律规制路径选择等内容, 追根溯源地解释了“什么是人工智能”, 提出了人工智能在就业、隐私、算法和偏见三方面带来挑战的观点, 提出“人工智能法律规制需要体系化的思维”。 | |
| 510 | 1 | @aArtificial intelligence and blockchain@zeng |
| 606 | 0 | @a人工智能@Aren gong zhi neng |
| 606 | 0 | @a电子商务@Adian zi shang wu@x支付方式 |
| 690 | @aTP18@v5 | |
| 690 | @aF713.361.3@v5 | |
| 701 | 0 | @a高奇琦@Agao qi qi@4著 |
| 801 | 0 | @aCN@c20250909 |
| 905 | @a河南城建学院图书馆@dTP18@eG160@f1 | |
| 人工智能治理与区块链革命/高奇琦等著.-上海:上海人民出版社,2020.11 |
| 319页:图;23cm |
| 独角兽区块链 |
| ISBN 978-7-208-16693-6:CNY85.00 |
| 本书内容主要包括: 人工智能在行政治理中的作用及其法律规制、人工智能的社会影响和法律规制路径选择等内容, 追根溯源地解释了“什么是人工智能”, 提出了人工智能在就业、隐私、算法和偏见三方面带来挑战的观点, 提出“人工智能法律规制需要体系化的思维”。 |
| ● |
| 相关链接 |
|
|
|
正题名:人工智能治理与区块链革命
索取号:TP18/G160
 
预约/预借
| 序号 | 登录号 | 条形码 | 馆藏地/架位号 | 状态 | 备注 |
| 1 | 1630274 | 216302748 | 自科库301/301自科库 101排8列2层/ [索取号:TP18/G160] | 在馆 |